| 000 | 01052nam a2200313 a 4500 | ||
|---|---|---|---|
| 001 | 82006 | ||
| 003 | BD-RjUL | ||
| 005 | 20230927105612.0 | ||
| 008 | 220328s2021 ii b 001 0 eng | ||
| 020 |
_a9789354229343 _q(P-ISBN) |
||
| 020 |
_z9789354228209 _q(E-ISBN) |
||
| 020 | _a9789354229343 | ||
| 035 | _a(BD-RjUL)82006 | ||
| 040 |
_aDLC _beng _erda _cDLC _dDLC _dBD-RjUL |
||
| 041 | _aeng | ||
| 082 |
_223 _a954.042092 _bSIN 2021 |
||
| 100 | 1 |
_aSingh, Tripurdaman, _eauthor. _99252 |
|
| 245 | 1 | 0 |
_aNehru : _bthe debates that defined India / _cTripurdaman Singh and Adeel Hussain. |
| 264 | 1 |
_aNew Delhi : _bFourth Estate, _c2021. |
|
| 300 |
_axv, 275 pages ; _c22 cm. |
||
| 336 |
_atext _btxt _2rdacontent |
||
| 337 |
_aunmediated _bn _2rdamedia |
||
| 338 |
_avolume _bnc _2rdacarrier |
||
| 504 | _aIncludes bibliographical references (pages 241-259) and index. | ||
| 600 | 1 | 0 |
_aNehru, Jawaharlal, _d1889-1964. _98865 |
| 651 | 0 |
_aIndia _xPolitics and government _y20th century. _98336 |
|
| 700 | 1 |
_aHussain, Adeel, _eauthor. _99253 |
|
| 942 |
_2ddc _cBK |
||
| 999 |
_c82006 _d82006 |
||